[Event "Sydney op-A"]
[Site "Parramatta"]
[Date "2009.04.18"]
[Round "8"]
[White "Mas, Hafizulhelmi"]
[Black "Zibaei, Abdoulla"]
[Result "1-0"]
[WhiteElo "2421"]
[BlackElo "2067"]
[PlyCount "73"]
[EventDate "2009.04.15"]
[EventType "swiss"]
[EventRounds "9"]
[EventCountry "AUS"]
[SourceTitle "CBM 129 Extra"]
[Source "ChessBase"]
[SourceDate "2009.05.05"]
[SourceVersion "2"]
[SourceVersionDate "2009.05.20"]
[SourceQuality "1"]

1. e4 e5 2. Bc4 Nf6 3. d3 Nc6 4. Nc3 Bc5 5. Bg5 h6 6. Bh4 g5 7. Bg3 d6 8. Na4 Qe7 9. h4 g4 10. h5 Na5 11. Bh4 Nxc4 12. dxc4 Qe6 13. Nxc5 dxc5 14. Ne2 Bd7 15. Ng3 Qc6 16. Bxf6 Qxf6 17. Qd5 0-0-0 18. Qxc5 Kb8 19. 0-0-0 Qf4+ 20. Qe3 Qf6 21. b3 Be6 22. Rxd8+ Rxd8 23. Rd1 Rd6 24. Rxd6 cxd6 25. Kd1 b6 26. Ke1 Kc7 27. a4 Kb7 28. Qd2 Bd7 29. a5 a6 30. axb6 Kxb6 31. Ne2 Qe6 32. Qb4+ Kc6 33. Nc3 Qe7 34. Qa5 Bc8 35. Nd5 Qb7 36. Qa4+ Kc5 37. b4+ 1-0

[Event "Sydney op-A"]
[Site "Parramatta"]
[Date "2009.04.17"]
[Round "5"]
[White "Zibaei, Abdoulla"]
[Black "Mahmud, Syarif"]
[Result "1-0"]
[WhiteElo "2067"]
[BlackElo "2373"]
[PlyCount "182"]
[EventDate "2009.04.15"]
[EventType "swiss"]
[EventRounds "9"]
[EventCountry "AUS"]
[SourceTitle "CBM 129 Extra"]
[Source "ChessBase"]
[SourceDate "2009.05.05"]
[SourceVersion "2"]
[SourceVersionDate "2009.05.20"]
[SourceQuality "1"]

1. e4 c5 2. Nf3 Nc6 3. d4 cxd4 4. Nxd4 g6 5. Nc3 Bg7 6. Be3 Nf6 7. f3 0-0 8. Qd2 d5 9. exd5 Nxd5 10. Nxc6 bxc6 11. Bd4 e5 12. Bc5 Re8 13. 0-0-0 Be6 14. Ne4 Qc7 15. Bc4 Rad8 16. Qf2 Rd7 17. Bb3 Red8 18. Qh4 Nf4 19. Rxd7 Qxd7 20. Qf2 Nxg2 21. Qxg2 Bh6+ 22. Ng5 Bh3 23. Qe2 Bxg5+ 24. Be3 Qf5 25. Re1 Bxe3+ 26. Qxe3 Qf4 27. Qxf4 exf4 28. Re7 g5 29. Rxf7 Kh8 30. Bc4 Rd7 31. Rf6 Bg2 32. Be2 Re7 33. Kd2 c5 34. h4 gxh4 35. Rxf4 h3 36. Rh4 Kg7 37. Bd3 Kf6 38. f4 c4 39. Bxc4 Rg7 40. Ke1 Rg3 41. Kf2 Rf3+ 42. Kg1 Kg7 43. Be2 Rg3 44. Kf2 Rg6 45. Bd3 Rd6 46. Rxh7+ Kg8 47. Rh4 Rb6 48. b3 a5 49. a4 Rc6 50. Kg3 Rc3 51. Kh2 Kf7 52. Rh5 Rc8 53. Rxa5 Rh8 54. Rc5 Rh4 55. a5 Ke6 56. a6 Rxf4 57. a7 Rf2 58. Kg1 Rd2 59. Rh5 Rd1+ 60. Kf2 Ra1 61. Rh7 Ke5 62. Kg3 Kd6 63. Be2 Be4 64. Rh6+ Ke5 65. Rh5+ Kd4 66. Rxh3 Rxa7 67. Rh4 Ke3 68. c3 Ra2 69. Bf1 Rc2 70. c4 Rb2 71. Kg4 Bf3+ 72. Kg5 Rb1 73. Bh3 Rxb3 74. Be6 Rc3 75. Kf6 Be2 76. Rh3+ Kd4 77. Rxc3 Kxc3 78. c5 Bb5 79. Ke5 Kb4 80. Kd6 Ka5 81. Bc8 Be2 82. Bb7 Bh5 83. Bc8 Bf3 84. Be6 Kb5 85. Bd5 Bg4 86. Bc6+ Ka6 87. Bd5 Kb5 88. Be4 Ka6 89. Bg2 Bf5 90. Bf3 Bh3 91. Kc7 Bf1 1-0

[Event "Sydney op-A"]
[Site "Parramatta"]
[Date "2009.04.15"]
[Round "1"]
[White "Zibaei, Abdoulla"]
[Black "Neelotpal, Das"]
[Result "0-1"]
[WhiteElo "2067"]
[BlackElo "2514"]
[PlyCount "70"]
[EventDate "2009.04.15"]
[EventType "swiss"]
[EventRounds "9"]
[EventCountry "AUS"]
[SourceTitle "CBM 129 Extra"]
[Source "ChessBase"]
[SourceDate "2009.05.05"]
[SourceVersion "2"]
[SourceVersionDate "2009.05.20"]
[SourceQuality "1"]

1. e4 c5 2. Nf3 e6 3. d4 cxd4 4. Nxd4 Nc6 5. Be2 d6 6. Nc3 Nf6 7. Be3 Be7 8. 0-0 0-0 9. Kh1 a6 10. f4 Bd7 11. Qe1 b5 12. Bf3 b4 13. Nce2 Rc8 14. c3 bxc3 15. Nxc3 Qc7 16. Qg3 Qb8 17. Nb3 Nb4 18. e5 Ne8 19. Nd4 dxe5 20. fxe5 Nd3 21. Rab1 a5 22. Be4 Nxe5 23. Bf4 Bd6 24. Rfd1 f5 25. Nxf5 exf5 26. Rxd6 Qxd6 27. Bxe5 Qg6 28. Qxg6 hxg6 29. Bb7 Rd8 30. Rd1 Kh7 31. Bc6 Rf7 32. Bf4 Nf6 33. Kg1 Re8 34. Bf3 Ne4 35. Nxe4 fxe4 0-1

[Event "Doeberl Cup 47th"]
[Site "Canberra"]
[Date "2009.04.09"]
[Round "2"]
[White "Zibaei, Abdoulla"]
[Black "Lane, Gary William"]
[Result "0-1"]
[WhiteElo "2067"]
[BlackElo "2371"]
[PlyCount "107"]
[EventDate "2009.04.09"]
[EventType "swiss"]
[EventRounds "9"]
[EventCountry "AUS"]
[SourceTitle "CBM 129 Extra"]
[Source "ChessBase"]
[SourceDate "2009.05.05"]
[SourceVersion "2"]
[SourceVersionDate "2009.05.20"]
[SourceQuality "1"]

1. e4 e5 2. Nf3 Nc6 3. Bb5 a6 4. Ba4 Nf6 5. 0-0 Bc5 6. c3 b5 7. Bc2 d5 8. exd5 Qxd5 9. d4 exd4 10. Re1+ Kf8 11. Bb3 Qd6 12. Bg5 Bb7 13. Nbd2 dxc3 14. bxc3 Rd8 15. Qc2 Qd3 16. Bxf6 gxf6 17. Ne4 Qxc2 18. Bxc2 Be7 19. Ng3 Bc8 20. Nf5 Bxf5 21. Bxf5 Ba3 22. Rab1 Kg7 23. Re4 h5 24. g3 Rd3 25. Nh4 Rxc3 26. Bd7 Ne5 27. Bh3 Rd8 28. Nf5+ Kh7 29. Bg2 Rd2 30. Rf4 Bc1 31. h3 Ng6 32. Rf3 Rxf3 33. Bxf3 Ba3 34. Bxh5 Bc5 35. Ne3 Bxe3 36. fxe3 Rxa2 37. Rc1 b4 38. Rxc7 Kg7 39. Rb7 a5 40. Bg4 Ne5 41. Be6 Re2 42. Bd5 Rxe3 43. Kf2 Rc3 44. Ke2 Rxg3 45. Rb5 Ra3 46. Kd2 a4 47. Rxb4 Rd3+ 48. Ke2 Rxd5 49. Rxa4 Rd3 50. Rh4 Ng6 51. Kxd3 Nxh4 52. Ke4 Kg6 53. Kf4 Kh5 54. Ke4 0-1

[Event "Doeberl Cup 47th"]
[Site "Canberra"]
[Date "2009.04.09"]
[Round "1"]
[White "Zibaei, Abdoulla"]
[Black "Xie, George Wendi"]
[Result "0-1"]
[WhiteElo "2067"]
[BlackElo "2402"]
[PlyCount "68"]
[EventDate "2009.04.09"]
[EventType "swiss"]
[EventRounds "9"]
[EventCountry "AUS"]
[SourceTitle "CBM 129 Extra"]
[Source "ChessBase"]
[SourceDate "2009.05.05"]
[SourceVersion "2"]
[SourceVersionDate "2009.05.20"]
[SourceQuality "1"]

1. e4 c5 2. Nf3 Nc6 3. d4 cxd4 4. Nxd4 Nf6 5. Nc3 e6 6. Bc4 Bb4 7. Nxc6 bxc6 8. e5 Ne4 9. 0-0 Nxc3 10. bxc3 Bxc3 11. Ba3 Bxe5 12. Rb1 d5 13. Bd3 Bd6 14. Bb2 e5 15. Qh5 h6 16. Bxe5 0-0 17. Rfe1 Bxe5 18. Qxe5 Be6 19. f4 Re8 20. f5 f6 21. Qg3 Bf7 22. Rb7 c5 23. Reb1 c4 24. Bf1 Re5 25. Qa3 a5 26. Qb2 Rxf5 27. Rb8 Rxb8 28. Qxb8 Qxb8 29. Rxb8+ Kh7 30. Rb5 Re5 31. Rxa5 Bg6 32. c3 Bd3 33. Bxd3+ cxd3 34. Ra4 d2 0-1

[Event "Dubai op 08th"]
[Site "Dubai"]
[Date "2006.04.23"]
[Round "1"]
[White "Kulicov, Oleg Anatolie"]
[Black "Zibaei, Abdoulla"]
[Result "1-0"]
[WhiteElo "2407"]
[BlackElo "2073"]
[PlyCount "99"]
[EventDate "2006.04.23"]
[EventType "swiss"]
[EventRounds "9"]
[EventCountry "UAE"]
[SourceTitle "EXT 2007"]
[Source "ChessBase"]
[SourceDate "2006.11.23"]
[SourceVersion "1"]
[SourceVersionDate "2006.11.23"]
[SourceQuality "1"]

1. e4 e5 2. Nf3 Nc6 3. d4 exd4 4. Nxd4 Bc5 5. Be3 Qf6 6. Nb5 Bxe3 7. fxe3 Qe5 8. Qd5 Kd8 9. Qxf7 Nh6 10. Qb3 Qxe4 11. Nd2 Qg4 12. Be2 Qh4+ 13. g3 Qe7 14. 0-0-0 Nf5 15. Bg4 Nh6 16. Bh3 d6 17. Bxc8 Kxc8 18. Nc4 Rd8 19. Rhf1 d5 20. Nca3 a6 21. Nd4 g6 22. Nxc6 bxc6 23. Qc3 c5 24. e4 d4 25. Qd3 Ng4 26. Nc4 Re8 27. Rf4 Ne5 28. Nxe5 Qxe5 29. Rdf1 h5 30. a3 Re6 31. Qc4 Kb7 32. h4 Rae8 33. Kb1 Rb6 34. R1f2 Ree6 35. Ka2 Rb5 36. b3 Rbb6 37. Re2 Rbc6 38. Rd2 Kb6 39. Rd3 g5 40. hxg5 Qxg5 41. a4 Rf6 42. Rdf3 Rxf4 43. gxf4 Qg2 44. Qd3 h4 45. f5 Rh6 46. f6 h3 47. f7 h2 48. f8Q h1Q 49. Qb8+ Ka5 50. Qdb5+ 1-0

[Event "Fajr op 13th"]
[Site "Tehran"]
[Date "2005.01.31"]
[Round "7"]
[White "Simonian, Hrair"]
[Black "Zibaei, Abdoulla"]
[Result "1-0"]
[WhiteElo "2238"]
[BlackElo "2049"]
[PlyCount "59"]
[EventDate "2005.01.04"]
[EventType "swiss"]
[EventRounds "9"]
[EventCountry "IRI"]
[SourceTitle "CBM 104 Extra"]
[Source "ChessBase"]
[SourceDate "2005.03.01"]
[SourceVersion "1"]
[SourceVersionDate "2005.03.01"]
[SourceQuality "1"]

1. e4 e5 2. Nf3 Nc6 3. c3 Nf6 4. d4 Qe7 5. d5 Nb8 6. Bd3 d6 7. c4 a5 8. Nc3 g6 9. Qa4+ Qd7 10. Nb5 c6 11. c5 Na6 12. Qxa5 Nxc5 13. Nc7+ Ke7 14. Nxa8 Nxd3+ 15. Ke2 Nxc1+ 16. Rhxc1 Qg4 17. Qc7+ Bd7 18. dxc6 bxc6 19. Nb6 Qxe4+ 20. Kf1 Qb4 21. Nc8+ Ke8 22. a3 Qb5+ 23. Kg1 Ne4 24. Na7 Qxb2 25. Nxc6 Qxf2+ 26. Kh1 Bxc6 27. Qxc6+ Ke7 28. Qxe4 f5 29. Rc7+ Kf6 30. Qb7 1-0

[Event "Fajr op 06th"]
[Site "Iran"]
[Date "1997.??.??"]
[Round "9"]
[White "Niknaddaf, M."]
[Black "Zibaei, Abdoulla"]
[Result "1/2-1/2"]
[WhiteElo "2065"]
[BlackElo "2155"]
[PlyCount "31"]
[EventDate "1997.??.??"]
[EventType "swiss"]
[EventRounds "9"]
[EventCountry "IRI"]
[SourceTitle "EXT 2003"]
[Source "ChessBase"]
[SourceDate "2002.11.25"]
[SourceVersion "1"]
[SourceVersionDate "2002.11.25"]
[SourceQuality "1"]

1. d4 Nf6 2. Nf3 g6 3. c4 c5 4. d5 b5 5. cxb5 a6 6. bxa6 Bg7 7. Nc3 Bxa6 8. e4 Bxf1 9. Kxf1 d6 10. g3 Nbd7 11. Kg2 0-0 12. a3 Qb6 13. Re1 Rfb8 14. Re2 Ne8 15. Rc2 Nc7 16. Bg5 1/2-1/2

[Event "Fajr op 06th"]
[Site "Iran"]
[Date "1997.??.??"]
[Round "5"]
[White "Zibaei, Abdoulla"]
[Black "Deljou, Mohammad"]
[Result "0-1"]
[WhiteElo "2155"]
[BlackElo "2205"]
[PlyCount "108"]
[EventDate "1997.??.??"]
[EventType "swiss"]
[EventRounds "9"]
[EventCountry "IRI"]
[SourceTitle "EXT 2003"]
[Source "ChessBase"]
[SourceDate "2002.11.25"]
[SourceVersion "1"]
[SourceVersionDate "2002.11.25"]
[SourceQuality "1"]

1. e4 e6 2. d4 d5 3. Nc3 Bb4 4. e5 c5 5. a3 Bxc3+ 6. bxc3 Qc7 7. Nf3 Ne7 8. Be2 b6 9. a4 Ba6 10. 0-0 Bxe2 11. Qxe2 Nbc6 12. Ba3 cxd4 13. Bd6 Qd7 14. Bxe7 Qxe7 15. Qb5 Qd7 16. cxd4 Na5 17. Nd2 Qxb5 18. axb5 Kd7 19. Ra3 Rhc8 20. c3 Ke7 21. f4 g6 22. g4 Kd7 23. Kf2 h5 24. h3 hxg4 25. hxg4 Rh8 26. Kg3 Rac8 27. Rc1 Rc7 28. Rf1 Ke7 29. Kg2 Kd7 30. Rf3 Rh4 31. Rg3 Ke7 32. Ra1 Rh8 33. Rf1 Rhc8 34. Nb1 Rg8 35. Rh1 Rc4 36. Kf3 Ra4 37. Nd2 Ra2 38. Rg2 Rb2 39. c4 dxc4 40. Rb1 Rxb1 41. Nxb1 Nb3 42. Ke4 Rd8 43. Rc2 Nxd4 44. Rxc4 Nxb5 45. f5 gxf5+ 46. gxf5 exf5+ 47. Kxf5 Rd1 48. Nc3 Nxc3 49. Rxc3 Rd7 50. Rb3 Rb7 51. Rh3 b5 52. Rh8 b4 53. e6 Rb5+ 54. Ke4 Kxe6 0-1

[Event "Fajr op 06th"]
[Site "Iran"]
[Date "1997.??.??"]
[Round "2"]
[White "Zibaei, Abdoulla"]
[Black "Deljou, Rahim"]
[Result "1-0"]
[WhiteElo "2155"]
[BlackElo "2235"]
[PlyCount "93"]
[EventDate "1997.??.??"]
[EventType "swiss"]
[EventRounds "9"]
[EventCountry "IRI"]
[SourceTitle "EXT 2003"]
[Source "ChessBase"]
[SourceDate "2002.11.25"]
[SourceVersion "1"]
[SourceVersionDate "2002.11.25"]
[SourceQuality "1"]

1. e4 c5 2. Nf3 Nc6 3. d4 cxd4 4. Nxd4 g6 5. Nxc6 bxc6 6. Qd4 Nf6 7. e5 Nd5 8. e6 f6 9. exd7+ Bxd7 10. Bc4 e5 11. Qd1 Be6 12. 0-0 Qb6 13. Bb3 Bg7 14. Nd2 0-0 15. Ne4 Rad8 16. Qe2 Kh8 17. c4 Nc7 18. Be3 Qb8 19. Rfd1 f5 20. Nc5 f4 21. Bd2 Qb6 22. Na4 f3 23. Qe3 Qxe3 24. Bxe3 fxg2 25. Bxa7 Rxd1+ 26. Rxd1 Bg4 27. Rd6 Ne6 28. Bd1 Bxd1 29. Rxd1 Ra8 30. Rd7 Nf4 31. Nc3 e4 32. Bd4 Bxd4 33. Rxd4 Re8 34. Rxe4 Rf8 35. Ne2 Nd3 36. f3 Nxb2 37. Kxg2 Ra8 38. Nf4 Kg7 39. c5 Kf6 40. Kg3 Ra5 41. Re6+ Kf5 42. Rxc6 Rxa2 43. Rc8 g5 44. Nd5 h5 45. c6 Nc4 46. c7 Nd2 47. Ne3+ 1-0

[Event "Fajr op 06th"]
[Site "Iran"]
[Date "1997.??.??"]
[Round "8"]
[White "Zibaei, Abdoulla"]
[Black "Haddad, Mohammed"]
[Result "1/2-1/2"]
[WhiteElo "2155"]
[BlackElo "2240"]
[PlyCount "142"]
[EventDate "1997.??.??"]
[EventType "swiss"]
[EventRounds "9"]
[EventCountry "IRI"]
[SourceTitle "EXT 2003"]
[Source "ChessBase"]
[SourceDate "2002.11.25"]
[SourceVersion "1"]
[SourceVersionDate "2002.11.25"]
[SourceQuality "1"]

1. e4 e5 2. Nf3 Nc6 3. Bb5 a6 4. Ba4 Nf6 5. 0-0 Be7 6. Re1 b5 7. Bb3 d6 8. c3 0-0 9. h3 Na5 10. Bc2 c5 11. d4 Qc7 12. d5 Nd7 13. a4 Rb8 14. b3 bxa4 15. Rxa4 Nf6 16. Nbd2 Bd7 17. Ra1 Rb7 18. Rb1 Rfb8 19. Nf1 Rb6 20. Ne3 g6 21. Nd2 Nh5 22. Ra1 R6b7 23. Nec4 Rb5 24. Na3 R5b7 25. Nac4 Rb5 26. Ra3 Nf4 27. Qf3 Bg5 28. Kh2 h5 29. Bb2 Nxc4 30. Nxc4 Ra8 31. Rea1 Bc8 32. Bc1 Rab8 33. Be3 Kg7 34. Bd1 Qd7 35. Kg1 Qc7 36. Kf1 h4 37. Kg1 f5 38. Bxf4 Bxf4 39. Bc2 fxe4 40. Qxe4 Bf5 41. Qe2 Bc8 42. Qd1 Ra8 43. Qb1 Qe7 44. Qd1 Qf6 45. Qf3 Qe7 46. Re1 Qc7 47. g3 hxg3 48. fxg3 Bg5 49. h4 Bh6 50. Rf1 Qe7 51. Qf7+ Qxf7 52. Rxf7+ Kxf7 53. Nxd6+ Ke7 54. Nxb5 Bb7 55. Nc7 Be3+ 56. Kh2 Rg8 57. c4 g5 58. h5 g4 59. Ne6 Bd4 60. h6 Bc8 61. h7 Rh8 62. Ra5 Bxe6 63. dxe6 Kxe6 64. Rxa6+ Kf7 65. Ra7+ Kf6 66. Be4 Be3 67. Kg2 Bd4 68. Kf1 Be3 69. Ke2 Bd4 70. Kd3 Bf2 71. Bd5 Bxg3 1/2-1/2